Yo y mis condiscípulos (Registro nro. 2369)

Detalles MARC
000 -LEADER
fixed length control field 00497nam a22001811a 4500
001 - CONTROL NUMBER
control field 2369
003 - CONTROL NUMBER IDENTIFIER
control field OSt
005 - DATE AND TIME OF LATEST TRANSACTION
control field 20260204211809.0
008 - FIXED-LENGTH DATA ELEMENTS--GENERAL INFORMATION
fixed length control field 040220s1996||||sp ||||||b||||||||||spa||
050 ## - LIBRARY OF CONGRESS CALL NUMBER
Classification number 923.17293 B181y
082 ## - DEWEY DECIMAL CLASSIFICATION NUMBER
Classification number 800.7293B181Y
100 ## - ASIENTO PRINCIPAL -- NOMBRE PERSONAL
Personal name Balaguer, Joaquín
245 ## - TÍTULO PROPIAMENTE DICHO: SUBTÍTULO
Title Yo y mis condiscípulos
264 ## - PRODUCTION, PUBLICATION, DISTRIBUTION, MANUFACTURE, AND COPYRIGHT NOTICE
Place of production, publication, distribution, manufacture España : Corripio
300 ## - PHYSICAL DESCRIPTION
Extensión 256 p.
650 ## - ASIENTO SECUNDARIO DE MATERIA -- TERMINO TEMÁTICO
Termino Temático Como Elemento de Entrada Juaquin Balaguer - Autobiografía 2.Literatura - República Dominicana 3.Ensayos LiterariosÌ
942 ## - ADDED ENTRY ELEMENTS (KOHA)
Source of classification or shelving scheme Dewey Decimal Classification
Koha item type Libros
Existencias
Withdrawn status Lost status Source of classification or shelving scheme Damaged status Not for loan Current library Date acquired Total Checkouts Full call number Barcode Date last seen Price effective from Koha item type
    Dewey Decimal Classification     Biblioteca UTECO 09/09/2019   923.17293 B181Y 005547 09/09/2019 09/09/2019 Libros
    Dewey Decimal Classification     Biblioteca UTECO 09/09/2019   923.17293 B181Y 011308 09/09/2019 09/09/2019 Libros
© 2021 Derechos Reservados UTECO - Teléfono: +1 809-585-2291 - Correo electrónico: biblioteca@uteco.edu.do​  
Código postal 43000 ​​
Dirección: Avenida Universitaria No. 100, 
Cotuí, Provincia Sánchez Ramírez, República Dominicana - RNC: 404-00059-6